书目信息 |
| 题名: |
化工原理课程设计
|
|
| 作者: | 王要令 主编 | |
| 分册: | ||
| 出版信息: | 北京 化学工业出版社 2016.09 |
|
| 页数: | 248页 | |
| 开本: | 26cm | |
| 丛书名: | ||
| 单 册: | ||
| 中图分类: | TQ02 , TQ02-41 | |
| 科图分类: | ||
| 主题词: | 化工原理--课程设计--高等教育--教材 | |
| 电子资源: | ||
| ISBN: | 978-7-122-28222-4 | |
| 000 | 01281nam0 2200277 450 | |
| 001 | 2339254790 | |
| 005 | 20240930122421.42 | |
| 010 | @a978-7-122-28222-4@dCNY36.00 | |
| 100 | @a20161128d2016 em y0chiy50 ea | |
| 101 | 0 | @achi |
| 102 | @aCN@b110000 | |
| 105 | @aak z 000yy | |
| 200 | 1 | @a化工原理课程设计@Ahua gong yuan li ke cheng she ji@d=HUAGONG YUANLI KECHENG SHEJI@f王要令主编 |
| 210 | @a北京@c化学工业出版社@d2016.09 | |
| 215 | @a248页@c图@d26cm | |
| 300 | @a普通高等教育“十三五”规划教材 | |
| 330 | @a本书从培养学生运用和理论知识解决实际问题的能力出发,把理论知识与工程实例有机结合,内容包括绪论、设计计算基础、设计绘图基础、板式精馏塔设计、填料吸收塔的设计、管壳式换热器的设计、干燥装置的设计、课程设计说明书的撰写及附录等九个部分。 | |
| 333 | @a本书可作为普通高等院校化学工程与工艺、生物、环境工程、食品等专业化工原理课程设计的教材,也可作为化工相关专业毕业设计、分离工程课程设计、化工工艺课程设计等的参考资料,还可用于化工原理课程教学的参考用书 | |
| 503 | @n河南城建学院图书馆 | |
| 510 | 1 | @aHUAGONG YUANLI KECHENG SHEJI |
| 606 | 0 | @a化工原理@x课程设计@x高等教育@j教材 |
| 690 | @aTQ02@v5 | |
| 690 | @aTQ02-41@v4 | |
| 701 | 0 | @a王要令@Awang yao ling@4主编 |
| 801 | 0 | @aCN@b河南城建学院图书馆@c201701015 |
| 905 | @a河南城建学院图书馆@dTQ02-41@eW4131 | |
| 化工原理课程设计=HUAGONG YUANLI KECHENG SHEJI/王要令主编.-北京:化学工业出版社,2016.09 |
| 248页:图;26cm |
| 普通高等教育“十三五”规划教材.-使用对象:本书可作为普通高等院校化学工程与工艺、生物、环境工程、食品等专业化工原理课程设计的教材,也可作为化工相关专业毕业设计、分离工程课程设计、化工工艺课程设计等的参考资料,还可用于化工原理课程教学的参考用书 |
| ISBN 978-7-122-28222-4:CNY36.00 |
| 本书从培养学生运用和理论知识解决实际问题的能力出发,把理论知识与工程实例有机结合,内容包括绪论、设计计算基础、设计绘图基础、板式精馏塔设计、填料吸收塔的设计、管壳式换热器的设计、干燥装置的设计、课程设计说明书的撰写及附录等九个部分。 |
| ● |
| 相关链接 |
|
|
|
正题名:化工原理课程设计
索取号:TQ02-41/W4131
 
预约/预借
| 序号 | 登录号 | 条形码 | 馆藏地/架位号 | 状态 | 备注 |
| 1 | 1506405 | 215064052 | 市委展示图书/501自科库 137排7列6层/ [索取号:TQ02-41/W413] | 在馆 | |
| 2 | 1553038 | 215530389 | 自科库501/501自科库 137排7列6层/ [索取号:TQ02-41/W4131] |
已借出,限还日期为2026.08.13 借出人:王晓莹 |